| 000 | 00592nam a22002057a 4500 | ||
|---|---|---|---|
| 005 | 20231106105847.0 | ||
| 008 | 231106b |||||||| |||| 00| 0 eng d | ||
| 020 |
_a9781439802052 _cRs. 1695.00 |
||
| 040 | _aMAIN | ||
| 082 |
_a006.37 _bU1D |
||
| 100 | _aUmbaugh, Scott E | ||
| 245 | _aDigital image processing and analysis: Human and computer vision applications with CVIPtools | ||
| 250 | _a2nd | ||
| 260 |
_aBoca Raton _bCRC Press _c2014 |
||
| 300 | _axx, 955 | ||
| 650 | _aComputer Vision | ||
| 650 | _aImage Processing-Digital Techniques | ||
| 650 | _aMathematics | ||
| 942 | _cBK | ||
| 999 |
_c308860 _d308860 |
||